| 000 | 00733nam a22002295i 4500 | ||
|---|---|---|---|
| 001 | 175036 | ||
| 003 | ES-MaACL | ||
| 005 | 20251003063152.0 | ||
| 008 | 101001s1946 sp |||| | spa d | ||
| 080 | _a517.518.12 | ||
| 080 | _a517.518.3 | ||
| 100 | 1 |
_aRíos, Sixto, _d1913-2008 _997375 |
|
| 245 | 1 | 0 |
_aConceptos de integral / _cpor Sixto Ríos. |
| 260 |
_a[Madrid] : _bInstituto "Jorge Juan" de Matemáticas, _c1946. |
||
| 300 |
_a79 p. ; _c26 cm. |
||
| 490 | 1 |
_aMonografías de ciencia moderna ; _v9 |
|
| 650 | 1 | 4 |
_aIntegrales. _913841 |
| 710 | 2 |
_aInstituto "Jorge Juan" _95107 |
|
| 830 | 0 |
_aMonografías de ciencia moderna _v9 _9189470 |
|
| 852 |
_aES-MaACL _jE-13275 _xOlim P-555 bis |
||
| 999 |
_c175036 _d175036 |
||